000 00777nam a2200229 a 4500
001 BRCA_8113
005 20190320210133.0
008 090414s1965----mx-a###f##---#000-0#spa-#
041 _aspa
044 _amx
050 4 _aND250
_b.X6
_c1965
245 1 0 _aHistoria de la pintura en México
_bpaisaje mexicano del siglo XIX
_cCompilación de Ramón Xirau.
260 _aMéxico
_bDirección General de Acción Social
_c1965
300 _a1 v. (sin paginación)
_bil.
_c16 cm.
440 0 _aGalerías de Artes Plásticas de la Ciudad de México. Pérgolas de la Alameda
_nV
_920196
500 _aY165
650 1 4 _aPintura
_vPaisajes mexicanos
_920197
650 1 4 _aPintura
_ySiglo XIX
_zMéxico
_920198
700 1 _aXirau, Ramón
_ecomp.
_920199
902 _aGFM
942 _2lcc
_cB
999 _c7781
_d7781